00479cam a2200169ua 45000010005000000080039000050200018000440400009000620820008000711000046000792450069001252500009001942600033002033000023002366530016002596530034002752521110824n ii |||gr||||Z||||||asm a81-7339-427-X cMAIN a4101 aDutta Baruah, Phanindra Narayan,eAuthor.1 aAdhunik bhasa bigyan parichoicby Phanindra narayan Dutta Baruah a1st. aDibrugarh:bBanalata,c2006. a218p:bill;c23cm. aLinguisties aAdhunik bhasa bigyan parichoi